[Event "Budapest FS07 IM-A"]
[Site "Budapest"]
[Date "2001.07.08"]
[Round "7"]
[White "Desmarais, Chris"]
[Black "Yu, Mingyuan"]
[Result "0-1"]
[WhiteElo "2180"]
[BlackElo "2277"]
[PlyCount "110"]
[EventDate "2001.07.02"]
[EventType "tourn"]
[EventRounds "12"]
[EventCountry "HUN"]
[EventCategory "2"]
[SourceTitle "CBM 083 Extra"]
[Source "ChessBase"]
[SourceDate "2001.09.11"]
[SourceVersion "1"]
[SourceVersionDate "2001.09.11"]
[SourceQuality "1"]

1. d4 g6 2. c4 Bg7 3. e4 c5 4. d5 d6 5. Nf3 e6 6. Be2 exd5 7. cxd5 Nf6 8. Nc3 0-0 9. Nd2 Re8 10. 0-0 Na6 11. f3 Nc7 12. a4 a6 13. Nc4 Rb8 14. Bf4 Bf8 15. a5 Nh5 16. Be3 Bd7 17. Qd2 Nb5 18. Nb6 Bg7 19. Nxb5 Bxb5 20. Bxb5 axb5 21. Rac1 Qe7 22. g4 Nf6 23. Bg5 Qc7 24. Qe2 b4 25. Qd2 Nd7 26. Qxb4 Qxb6 27. Qxb6 Nxb6 28. axb6 Bxb2 29. Rc2 Be5 30. Kg2 Ra8 31. Rb1 Ra4 32. Bh4 Rb4 33. Rxb4 cxb4 34. Rc4 b3 35. Bg3 b2 36. Rb4 Bc3 37. Rb3 Ra8 38. Bxd6 Ra1 39. Rxc3 b1Q 40. Rc8+ Kg7 41. Be5+ Kh6 42. Bxa1 Qxa1 43. Rc7 Qb2+ 44. Kg3 Qxb6 45. Rxf7 Qd6+ 46. Kg2 b5 47. h4 g5 48. hxg5+ Kxg5 49. Rxh7 b4 50. Rb7 Kf4 51. Rb5 Qa6 52. Rxb4 Qe2+ 53. Kh3 Qxf3+ 54. Kh2 Qg3+ 55. Kh1 Qe1+ 0-1

[Event "Budapest FS06 IM"]
[Site "Budapest"]
[Date "2001.06.08"]
[Round "7"]
[White "Yu, Mingyuan"]
[Black "Dobos, Jozsef"]
[Result "1/2-1/2"]
[WhiteElo "2277"]
[BlackElo "2310"]
[PlyCount "47"]
[EventDate "2001.06.02"]
[EventType "tourn"]
[EventRounds "13"]
[EventCountry "HUN"]
[EventCategory "2"]
[SourceTitle "CBM 082 Extra"]
[Source "ChessBase"]
[SourceDate "2001.07.03"]
[SourceVersion "1"]
[SourceVersionDate "2001.07.03"]
[SourceQuality "1"]

1. d4 g6 2. c4 Bg7 3. Nc3 c5 4. d5 d6 5. e4 e6 6. Nf3 exd5 7. cxd5 a6 8. a4 Bg4 9. Be2 Bxf3 10. Bxf3 Nd7 11. 0-0 Ne7 12. Bg5 h6 13. Bf4 Ne5 14. Be2 g5 15. Be3 N7g6 16. Qd2 Qd7 17. Rab1 0-0 18. a5 f5 19. exf5 Qxf5 20. b4 c4 21. b5 Nf4 22. bxa6 bxa6 23. Rb6 Ned3 24. Bxf4 1/2-1/2

[Event "Budapest FS06 IM"]
[Site "Budapest"]
[Date "2001.06.04"]
[Round "3"]
[White "Yu, Mingyuan"]
[Black "Seres, Lajos"]
[Result "0-1"]
[WhiteElo "2277"]
[BlackElo "2425"]
[PlyCount "80"]
[EventDate "2001.06.02"]
[EventType "tourn"]
[EventRounds "13"]
[EventCountry "HUN"]
[EventCategory "2"]
[SourceTitle "CBM 082 Extra"]
[Source "ChessBase"]
[SourceDate "2001.07.03"]
[SourceVersion "1"]
[SourceVersionDate "2001.07.03"]
[SourceQuality "1"]

1. d4 d5 2. c4 c6 3. Nc3 Nf6 4. Nf3 a6 5. a4 e6 6. Bg5 Nbd7 7. e3 Bb4 8. Qc2 Qa5 9. Nd2 0-0 10. Be2 c5 11. 0-0 cxd4 12. exd4 dxc4 13. Bh4 Qb6 14. Nxc4 Qxd4 15. Bg3 Qa7 16. Na2 Be7 17. Rac1 Nb6 18. Nd6 Bd7 19. Nc3 Bc6 20. Rfd1 Rfd8 21. b3 Nbd5 22. Nxd5 Bxd5 23. Nc4 Rac8 24. a5 h6 25. Bh4 Ne4 26. Bg3 Bd6 27. Bf1 Nxg3 28. hxg3 Bxg3 29. Qb2 Bc7 30. Qa3 Bf4 31. Rc3 Qc5 32. Qa2 Qe7 33. Rh3 Bc6 34. Qc2 Rxd1 35. Qxd1 Rd8 36. Qg4 Qf6 37. Rd3 Rxd3 38. Bxd3 Qa1+ 39. Bf1 Bc7 40. Qh5 Bd5 0-1

[Event "Budapest FS06 IM"]
[Site "Budapest"]
[Date "2001.06.03"]
[Round "2"]
[White "Kaposztas, Miklos"]
[Black "Yu, Mingyuan"]
[Result "1/2-1/2"]
[WhiteElo "2273"]
[BlackElo "2277"]
[PlyCount "72"]
[EventDate "2001.06.02"]
[EventType "tourn"]
[EventRounds "13"]
[EventCountry "HUN"]
[EventCategory "2"]
[SourceTitle "CBM 082 Extra"]
[Source "ChessBase"]
[SourceDate "2001.07.03"]
[SourceVersion "1"]
[SourceVersionDate "2001.07.03"]
[SourceQuality "1"]

1. d4 Nf6 2. c4 e6 3. Nc3 Bb4 4. Qc2 0-0 5. a3 Bxc3+ 6. Qxc3 b6 7. Nf3 c5 8. g3 Bb7 9. Bg2 d6 10. 0-0 Nbd7 11. dxc5 Nxc5 12. b4 Nce4 13. Qb3 Rc8 14. Bb2 Qc7 15. Rac1 Ba6 16. b5 Bb7 17. a4 a5 18. h3 e5 19. Ba3 Rfd8 20. Rfd1 Ba8 21. Qa2 Nc5 22. Bb2 Qe7 23. Qa3 h6 24. Nh4 Bxg2 25. Nxg2 Qe6 26. g4 d5 27. cxd5 Nxd5 28. Qg3 Re8 29. Qf3 Nxa4 30. Rxd5 Nxb2 31. Rxc8 Rxc8 32. Ne3 a4 33. Nf5 Nc4 34. Qd3 Qf6 35. Rd7 Kh8 36. Ne7 Re8 1/2-1/2

[Event "Elekes Memorial IM 26th"]
[Site "Budapest"]
[Date "2001.05.30"]
[Round "10"]
[White "Medvegy, Nora"]
[Black "Yu, Mingyuan"]
[Result "1/2-1/2"]
[WhiteElo "2346"]
[BlackElo "2277"]
[PlyCount "59"]
[EventDate "2001.05.21"]
[EventType "tourn"]
[EventRounds "11"]
[EventCountry "HUN"]
[EventCategory "2"]
[SourceTitle "CBM 082 Extra"]
[Source "ChessBase"]
[SourceDate "2001.07.03"]
[SourceVersion "1"]
[SourceVersionDate "2001.07.03"]
[SourceQuality "1"]

1. e4 b6 2. d4 Bb7 3. Nc3 e6 4. Bd3 Nf6 5. Nf3 Bb4 6. Qe2 d5 7. exd5 Nxd5 8. Bd2 Nxc3 9. bxc3 Bd6 10. Be4 Bxe4 11. Qxe4 Nd7 12. Bg5 Qc8 13. Ne5 0-0 14. 0-0 h6 15. Bf4 Nf6 16. Qf3 Nd5 17. Bg3 Qa6 18. Rfd1 Rad8 19. Bh4 Be7 20. Bg3 Bd6 21. Bh4 Rc8 22. c4 Ne7 23. Bxe7 Bxe7 24. Qb3 Bd6 25. Nc6 Rce8 26. a4 Qb7 27. Qf3 Qa6 28. Qb3 Qb7 29. Qf3 Qa6 30. Qb3 1/2-1/2

[Event "Elekes Memorial IM 26th"]
[Site "Budapest"]
[Date "2001.05.29"]
[Round "9"]
[White "Yu, Mingyuan"]
[Black "Orso, Janos"]
[Result "1-0"]
[WhiteElo "2277"]
[BlackElo "2249"]
[PlyCount "71"]
[EventDate "2001.05.21"]
[EventType "tourn"]
[EventRounds "11"]
[EventCountry "HUN"]
[EventCategory "2"]
[SourceTitle "CBM 082 Extra"]
[Source "ChessBase"]
[SourceDate "2001.07.03"]
[SourceVersion "1"]
[SourceVersionDate "2001.07.03"]
[SourceQuality "1"]

1. d4 e6 2. c4 Nf6 3. Nc3 Bb4 4. Qc2 c5 5. dxc5 Na6 6. Bd2 Bxc5 7. Nf3 0-0 8. Bg5 b6 9. e4 h6 10. Bh4 Be7 11. Be2 d6 12. Rd1 Qc7 13. 0-0 Bd7 14. Nd4 Nb4 15. Qb3 Nc6 16. Bxf6 gxf6 17. Ncb5 Qb8 18. Qe3 Kh7 19. Nxc6 Bxc6 20. Nd4 Bb7 21. Bd3 Rg8 22. f4 Qc7 23. Kh1 Rg4 24. Be2 Rg7 25. b3 Rag8 26. Bf3 a6 27. Rd2 f5 28. exf5 e5 29. Bxb7 Qxb7 30. Nf3 Bf6 31. Rg1 Rg4 32. Rxd6 exf4 33. Qxb6 Qxf3 34. gxf3 Rxg1+ 35. Qxg1 Rxg1+ 36. Kxg1 1-0

[Event "Elekes Memorial IM 26th"]
[Site "Budapest"]
[Date "2001.05.28"]
[Round "8"]
[White "Orso, Miklos"]
[Black "Yu, Mingyuan"]
[Result "1/2-1/2"]
[WhiteElo "2386"]
[BlackElo "2277"]
[PlyCount "118"]
[EventDate "2001.05.21"]
[EventType "tourn"]
[EventRounds "11"]
[EventCountry "HUN"]
[EventCategory "2"]
[SourceTitle "CBM 082 Extra"]
[Source "ChessBase"]
[SourceDate "2001.07.03"]
[SourceVersion "1"]
[SourceVersionDate "2001.07.03"]
[SourceQuality "1"]

1. d4 Nf6 2. Nf3 c5 3. d5 d6 4. Nc3 g6 5. e4 Bg7 6. Bb5+ Bd7 7. a4 0-0 8. 0-0 Bg4 9. Re1 a6 10. Bf1 e5 11. dxe6 fxe6 12. Be2 Nc6 13. Be3 Rb8 14. h3 Bxf3 15. Bxf3 Ne8 16. Be2 Nc7 17. Qd2 Nd4 18. Rab1 Qf6 19. Bd1 b5 20. axb5 axb5 21. Ne2 b4 22. Rc1 Ndb5 23. c3 bxc3 24. bxc3 Qe5 25. Bc2 Rb6 26. f4 Qf6 27. e5 Qe7 28. c4 Na3 29. exd6 Rxd6 30. Qa5 Nxc4 31. Qxc5 Nxe3 32. Qxe3 Nd5 33. Qe4 Qf6 34. Rf1 Rb6 35. Rb1 Rfb8 36. Rxb6 Rxb6 37. Rb1 Rxb1+ 38. Bxb1 Qf5 39. Qxf5 gxf5 40. Ba2 Nc7 41. Kf2 Kf7 42. g4 Kg6 43. Kf3 Bb2 44. Ng3 fxg4+ 45. hxg4 h6 46. Ke4 Kf6 47. Kf3 Ne8 48. Ne4+ Ke7 49. Nc5 Ng7 50. Ke4 Bc3 51. Bc4 Ba1 52. Nb3 Bb2 53. Nd4 Bc3 54. Be2 Bb2 55. Bf3 Bc3 56. Kd3 Bb2 57. Be4 Bc1 58. Ne2 Bb2 59. Kc2 Ba3 1/2-1/2

[Event "Elekes Memorial IM 26th"]
[Site "Budapest"]
[Date "2001.05.26"]
[Round "6"]
[White "Petran, Pal"]
[Black "Yu, Mingyuan"]
[Result "1/2-1/2"]
[WhiteElo "2392"]
[BlackElo "2277"]
[PlyCount "48"]
[EventDate "2001.05.21"]
[EventType "tourn"]
[EventRounds "11"]
[EventCountry "HUN"]
[EventCategory "2"]
[SourceTitle "CBM 082 Extra"]
[Source "ChessBase"]
[SourceDate "2001.07.03"]
[SourceVersion "1"]
[SourceVersionDate "2001.07.03"]
[SourceQuality "1"]

1. Nf3 c5 2. c4 g6 3. g3 Bg7 4. Bg2 Nc6 5. Nc3 e5 6. d3 Nge7 7. 0-0 0-0 8. Ne1 d6 9. Nc2 Rb8 10. Rb1 Be6 11. Ne3 a6 12. Ned5 b5 13. b3 Qd7 14. Re1 Bh3 15. Bh1 Nxd5 16. Nxd5 Ne7 17. e3 Nxd5 18. Bxd5 Bg4 19. Qc2 Be6 20. Bg2 d5 21. cxd5 Bxd5 22. e4 Be6 23. Qxc5 Qxd3 24. Be3 Rfd8 1/2-1/2

[Event "Elekes Memorial IM 26th"]
[Site "Budapest"]
[Date "2001.05.24"]
[Round "4"]
[White "Somogyi, Istvan"]
[Black "Yu, Mingyuan"]
[Result "1/2-1/2"]
[WhiteElo "2243"]
[BlackElo "2277"]
[PlyCount "97"]
[EventDate "2001.05.21"]
[EventType "tourn"]
[EventRounds "11"]
[EventCountry "HUN"]
[EventCategory "2"]
[SourceTitle "CBM 082 Extra"]
[Source "ChessBase"]
[SourceDate "2001.07.03"]
[SourceVersion "1"]
[SourceVersionDate "2001.07.03"]
[SourceQuality "1"]

1. d4 c5 2. e3 Nf6 3. Nf3 d5 4. c4 cxd4 5. exd4 g6 6. Nc3 Bg7 7. cxd5 Nxd5 8. Bb5+ Nc6 9. Qa4 0-0 10. Bxc6 Nxc3 11. bxc3 bxc6 12. 0-0 Qc7 13. Re1 c5 14. Ba3 cxd4 15. Rxe7 Qxc3 16. Rc1 Qd3 17. Rxa7 Rxa7 18. Qxa7 Re8 19. Qa4 Qe4 20. h3 Bb7 21. Bb4 Rd8 22. Re1 Qc6 23. Qxc6 Bxc6 24. Ne5 Bb5 25. f4 d3 26. a4 Bxa4 27. Nf3 Rb8 28. Bd2 Rb2 29. Kf2 Bc6 30. Ke3 Bxf3 31. gxf3 Rb3 32. Rc1 Bf6 33. Rc6 Kg7 34. Rd6 Rb1 35. Kf2 Bh4+ 36. Ke3 Rh1 37. Bc3+ Kf8 38. Rxd3 Rxh3 39. Rd7 h5 40. Rb7 Rh2 41. f5 Bg5+ 42. f4 Rh3+ 43. Ke4 Rxc3 44. fxg5 Rc4+ 45. Kd5 Rc8 46. fxg6 fxg6 47. Rb6 Kf7 48. Rb7+ Kg8 49. Rb6 1/2-1/2

[Event "Elekes Memorial IM 26th"]
[Site "Budapest"]
[Date "2001.05.23"]
[Round "3"]
[White "Yu, Mingyuan"]
[Black "Lamberger, Werner"]
[Result "1-0"]
[WhiteElo "2277"]
[BlackElo "2074"]
[PlyCount "143"]
[EventDate "2001.05.21"]
[EventType "tourn"]
[EventRounds "11"]
[EventCountry "HUN"]
[EventCategory "2"]
[SourceTitle "CBM 082 Extra"]
[Source "ChessBase"]
[SourceDate "2001.07.03"]
[SourceVersion "1"]
[SourceVersionDate "2001.07.03"]
[SourceQuality "1"]

1. d4 Nf6 2. c4 g6 3. Nc3 Bg7 4. e4 d6 5. f3 0-0 6. Be3 Nbd7 7. Bd3 e5 8. d5 Nc5 9. Bc2 a5 10. Nge2 Ne8 11. 0-0 f5 12. exf5 gxf5 13. a3 Kh8 14. f4 Qe7 15. Qd2 Bd7 16. Ng3 a4 17. Rae1 e4 18. Nh5 Nf6 19. Nxg7 Kxg7 20. Qd1 Rg8 21. Bxc5 dxc5 22. Bxa4 Bxa4 23. Nxa4 Kf7 24. Nc3 Ra6 25. Re2 Ne8 26. Re3 Rh6 27. Qe1 Nd6 28. b3 Qf6 29. Ne2 b6 30. Kh1 Rg4 31. a4 Rhh4 32. Rg3 Qh6 33. h3 Rxg3 34. Qxg3 Rg4 35. Qc3 Qh5 36. Qe3 Rg6 37. Kh2 Qh6 38. Qc3 Qh5 39. Ng3 Qh4 40. a5 bxa5 41. Ne2 a4 42. bxa4 Qf6 43. Qe5 Nxc4 44. Qxc7+ Qe7 45. Qxe7+ Kxe7 46. Rc1 Ne3 47. Ng3 Kd6 48. Re1 Nc2 49. Nxf5+ Kxd5 50. Rc1 Rf6 51. Ne7+ Kd6 52. Nc8+ Kc7 53. Rxc2 Kxc8 54. Rxc5+ Kd7 55. Kg3 Rg6+ 56. Kf2 e3+ 57. Kf3 e2 58. Re5 Ra6 59. Kxe2 Rxa4 60. Kf3 Ra6 61. g4 h6 62. h4 Ra3+ 63. Ke4 Rg3 64. Kf5 Rh3 65. g5 Rxh4 66. g6 h5 67. Re1 Rg4 68. Rh1 Ke7 69. Rxh5 Rg1 70. Rh7+ Kf8 71. Kf6 Kg8 72. Rc7 1-0

[Event "Budapest FS05 IM-A"]
[Site "Budapest"]
[Date "2001.05.09"]
[Round "5"]
[White "Yu, Mingyuan"]
[Black "Sinkovics, Peter"]
[Result "1/2-1/2"]
[WhiteElo "2277"]
[BlackElo "2317"]
[PlyCount "83"]
[EventDate "2001.05.??"]
[EventType "tourn"]
[EventRounds "9"]
[EventCountry "HUN"]
[EventCategory "3"]
[SourceTitle "CBM 082 Extra"]
[Source "ChessBase"]
[SourceDate "2001.07.03"]
[SourceVersion "1"]
[SourceVersionDate "2001.07.03"]
[SourceQuality "1"]

1. d4 Nf6 2. c4 e6 3. Nc3 Bb4 4. Qc2 0-0 5. a3 Bxc3+ 6. Qxc3 b6 7. Bg5 Bb7 8. f3 h6 9. Bh4 d5 10. e3 Nbd7 11. cxd5 Nxd5 12. Bxd8 Nxc3 13. Bh4 Nd5 14. Bf2 c5 15. Bb5 Rad8 16. Ne2 cxd4 17. exd4 N7f6 18. 0-0 a6 19. Bd3 Rc8 20. Rfd1 Rfd8 21. Bg3 b5 22. Rdc1 Ne3 23. Bc7 Rd7 24. Be5 Nc4 25. Bxc4 Rxc4 26. Bxf6 Rxc1+ 27. Rxc1 gxf6 28. Kf2 Kg7 29. Ke3 Bd5 30. Rc8 Bc4 31. Nf4 e5 32. dxe5 fxe5 33. Nh5+ Kg6 34. g4 f5 35. h4 Rd3+ 36. Kf2 Rd2+ 37. Ke1 Re2+ 38. Kd1 fxg4 39. fxg4 Rxb2 40. Rc7 Bf7 41. Rc6+ Kh7 42. Rxa6 1/2-1/2

[Event "Budapest FS05 IM-A"]
[Site "Budapest"]
[Date "2001.05.07"]
[Round "3"]
[White "Yu, Mingyuan"]
[Black "Nyback, Tomi"]
[Result "0-1"]
[WhiteElo "2277"]
[BlackElo "2330"]
[PlyCount "96"]
[EventDate "2001.05.??"]
[EventType "tourn"]
[EventRounds "9"]
[EventCountry "HUN"]
[EventCategory "3"]
[SourceTitle "CBM 082 Extra"]
[Source "ChessBase"]
[SourceDate "2001.07.03"]
[SourceVersion "1"]
[SourceVersionDate "2001.07.03"]
[SourceQuality "1"]

1. d4 Nf6 2. c4 c5 3. d5 b5 4. cxb5 a6 5. bxa6 g6 6. g3 d6 7. Bg2 Bxa6 8. Nh3 Bg7 9. Nf4 Nbd7 10. h4 h5 11. Nc3 0-0 12. 0-0 Ng4 13. Qc2 Qb6 14. Rb1 c4 15. Ne4 Bd4 16. e3 Bg7 17. Rd1 Bb5 18. Nc3 Rfb8 19. Nxb5 Qxb5 20. Bf1 Rxa2 21. Qxc4 Qxc4 22. Bxc4 Ra4 23. Be2 Nc5 24. Bd2 Rxb2 25. Rxb2 Bxb2 26. Nd3 Nxd3 27. Bxd3 Nf6 28. Bc2 Rc4 29. Bb3 Rc5 30. Be1 Bc3 31. Bxc3 Rxc3 32. Ba4 Ra3 33. Bb5 Ne4 34. Rd4 f5 35. Bd3 Nc5 36. Bc2 Ra2 37. Bd1 Ne4 38. Ra4 Rd2 39. Rd4 Rxd4 40. exd4 Nc3 41. Bb3 Ne2+ 42. Kg2 Nxd4 43. Ba2 Kf7 44. f3 Kf6 45. g4 Ke5 46. Kg3 Ne2+ 47. Kf2 Nc3 48. Bb3 Nxd5 0-1

[Event "Budapest FS09 IM-A"]
[Site "Budapest"]
[Date "2000.09.06"]
[Round "5"]
[White "Yu, Mingyuan"]
[Black "Vajda, Szidonia"]
[Result "1-0"]
[WhiteElo "2319"]
[BlackElo "2282"]
[PlyCount "53"]
[EventDate "2000.09.02"]
[EventType "tourn"]
[EventRounds "11"]
[EventCountry "HUN"]
[EventCategory "1"]
[SourceTitle "CBM 078 Extra"]
[Source "ChessBase"]
[SourceDate "2000.11.10"]
[SourceVersion "1"]
[SourceVersionDate "2000.11.10"]
[SourceQuality "1"]

1. d4 Nf6 2. c4 c5 3. d5 g6 4. Nc3 d6 5. g3 Bg7 6. Bg2 0-0 7. Nf3 Na6 8. 0-0 Nc7 9. e4 b5 10. cxb5 Rb8 11. a4 a6 12. bxa6 Nxa6 13. Re1 Nb4 14. e5 dxe5 15. Nxe5 Bb7 16. Nc6 Bxc6 17. dxc6 Qxd1 18. Rxd1 Rbc8 19. Be3 c4 20. a5 Ng4 21. a6 Nxe3 22. fxe3 Bh6 23. a7 Bxe3+ 24. Kf1 Nc2 25. a8Q Rxa8 26. Rxa8 Rxa8 27. c7 1-0

[Event "Budapest FS09 IM-A"]
[Site "Budapest"]
[Date "2000.09.05"]
[Round "4"]
[White "Vadasz, Laszlo"]
[Black "Yu, Mingyuan"]
[Result "1/2-1/2"]
[WhiteElo "2301"]
[BlackElo "2319"]
[PlyCount "58"]
[EventDate "2000.09.02"]
[EventType "tourn"]
[EventRounds "11"]
[EventCountry "HUN"]
[EventCategory "1"]
[SourceTitle "CBM 078 Extra"]
[Source "ChessBase"]
[SourceDate "2000.11.10"]
[SourceVersion "1"]
[SourceVersionDate "2000.11.10"]
[SourceQuality "1"]

1. Nf3 Nf6 2. c4 c5 3. Nc3 e6 4. g3 b6 5. Bg2 Bb7 6. 0-0 Be7 7. d4 cxd4 8. Qxd4 d6 9. Bg5 a6 10. Bxf6 Bxf6 11. Qd3 Be7 12. Rfd1 0-0 13. Ng5 Bxg5 14. Bxb7 Ra7 15. Be4 f5 16. Bg2 Be7 17. e4 f4 18. Bh3 e5 19. Nd5 Bg5 20. gxf4 exf4 21. Nc3 Rf6 22. e5 Rh6 23. exd6 f3 24. Qxf3 Rf7 25. Qg4 Bf4 26. Kh1 Nd7 27. Ne4 Ne5 28. Qc8 Rf8 29. Qxd8 Rxd8 1/2-1/2

[Event "Budapest FS09 IM-A"]
[Site "Budapest"]
[Date "2000.09.02"]
[Round "1"]
[White "Yu, Mingyuan"]
[Black "Valenti, Giuseppe"]
[Result "1-0"]
[WhiteElo "2319"]
[BlackElo "2195"]
[PlyCount "89"]
[EventDate "2000.09.02"]
[EventType "tourn"]
[EventRounds "11"]
[EventCountry "HUN"]
[EventCategory "1"]
[SourceTitle "CBM 078 Extra"]
[Source "ChessBase"]
[SourceDate "2000.11.10"]
[SourceVersion "1"]
[SourceVersionDate "2000.11.10"]
[SourceQuality "1"]

1. d4 Nf6 2. c4 e6 3. Nc3 Bb4 4. Qc2 b6 5. a3 Bxc3+ 6. Qxc3 Bb7 7. Bg5 h6 8. Bh4 0-0 9. f3 d5 10. e3 Nbd7 11. cxd5 Nxd5 12. Bxd8 Nxc3 13. Bh4 Nd5 14. Bf2 f5 15. Bc4 Rae8 16. Ne2 Kh8 17. Rc1 c6 18. 0-0 N7f6 19. Rfe1 e5 20. b4 e4 21. Nc3 Re7 22. Bg3 Rfe8 23. Bd6 Re6 24. Be5 R6e7 25. Nxd5 Nxd5 26. fxe4 fxe4 27. Ba2 Nf6 28. h3 Nd5 29. Bb1 Nf6 30. Rf1 Nd7 31. Bd6 Re6 32. Bg3 Nf6 33. Ba2 R6e7 34. Bh4 Rf8 35. Rf2 g5 36. Bg3 Nd7 37. Rxf8+ Nxf8 38. Bd6 Re8 39. Rf1 Nd7 40. Rf7 Bc8 41. a4 a6 42. Bc4 b5 43. axb5 axb5 44. Bb3 Rg8 45. Re7 1-0

[Event "Budapest FS08 IM-A"]
[Site "Budapest"]
[Date "2000.08.15"]
[Round "11"]
[White "Yu, Mingyuan"]
[Black "Cooke, Eric"]
[Result "1-0"]
[WhiteElo "2319"]
[BlackElo "2275"]
[PlyCount "69"]
[EventDate "2000.08.05"]
[EventType "tourn"]
[EventRounds "11"]
[EventCountry "HUN"]
[EventCategory "2"]
[SourceTitle "CBM 077 Extra"]
[Source "ChessBase"]
[SourceDate "2000.09.14"]
[SourceVersion "1"]
[SourceVersionDate "2000.09.14"]
[SourceQuality "1"]

1. d4 Nf6 2. Nf3 e6 3. c4 c5 4. d5 exd5 5. cxd5 d6 6. Nc3 g6 7. h3 a6 8. a4 Bg7 9. e4 Nbd7 10. Bd3 0-0 11. 0-0 Qe7 12. Bf4 Re8 13. Bh2 h5 14. Re1 Nh7 15. Kh1 Rb8 16. Qe2 Qf8 17. Qc2 Qe7 18. Re2 Nhf8 19. Rae1 f6 20. Nh4 Ne5 21. f4 Nxd3 22. Qxd3 b5 23. e5 c4 24. Qc2 fxe5 25. Nxg6 Qf7 26. Nxf8 Rxf8 27. fxe5 dxe5 28. Bxe5 Bf5 29. Qd2 b4 30. Nd1 Rb7 31. d6 Bd3 32. Bxg7 Qxg7 33. Re7 Rf7 34. R1e5 Rf1+ 35. Kh2 1-0

[Event "Budapest FS08 IM-A"]
[Site "Budapest"]
[Date "2000.08.14"]
[Round "10"]
[White "Xu, Hanbing"]
[Black "Yu, Mingyuan"]
[Result "1/2-1/2"]
[WhiteElo "2328"]
[BlackElo "2319"]
[PlyCount "49"]
[EventDate "2000.08.05"]
[EventType "tourn"]
[EventRounds "11"]
[EventCountry "HUN"]
[EventCategory "2"]
[SourceTitle "CBM 077 Extra"]
[Source "ChessBase"]
[SourceDate "2000.09.14"]
[SourceVersion "1"]
[SourceVersionDate "2000.09.14"]
[SourceQuality "1"]

1. c4 Nf6 2. Nc3 e6 3. g3 d5 4. cxd5 exd5 5. d4 Be7 6. Bg2 0-0 7. Nf3 c6 8. 0-0 Re8 9. Qc2 Bg4 10. Ne5 Bh5 11. Bg5 Nbd7 12. Nxd7 Qxd7 13. e3 Bg6 14. Qd2 Qf5 15. Bxf6 Qxf6 16. Rac1 Bf5 17. Rcd1 Bd6 18. f3 Qh6 19. e4 Qxd2 20. Rxd2 dxe4 21. fxe4 Bg6 22. d5 Rad8 23. Rdd1 Bc5+ 24. Kh1 Bb4 25. a3 1/2-1/2

[Event "Budapest FS08 IM-A"]
[Site "Budapest"]
[Date "2000.08.09"]
[Round "5"]
[White "Vikulov, Alexander Sergeevic"]
[Black "Yu, Mingyuan"]
[Result "0-1"]
[WhiteElo "2205"]
[BlackElo "2319"]
[PlyCount "78"]
[EventDate "2000.08.05"]
[EventType "tourn"]
[EventRounds "11"]
[EventCountry "HUN"]
[EventCategory "2"]
[SourceTitle "CBM 077 Extra"]
[Source "ChessBase"]
[SourceDate "2000.09.14"]
[SourceVersion "1"]
[SourceVersionDate "2000.09.14"]
[SourceQuality "1"]

1. c4 Nf6 2. Nf3 c5 3. Nc3 e6 4. g3 b6 5. Bg2 Bb7 6. 0-0 Be7 7. Re1 0-0 8. e4 d6 9. d4 cxd4 10. Nxd4 a6 11. Be3 Nbd7 12. f4 Qc7 13. Rc1 Rac8 14. b3 Rfd8 15. Qe2 Bf8 16. Bf2 Qb8 17. h3 Qa8 18. Nf3 Nc5 19. Nd2 d5 20. e5 Nfe4 21. Ndxe4 dxe4 22. Bxe4 Nxe4 23. Nxe4 Bb4 24. Bxb6 Bxe1 25. Rxe1 Bxe4 26. Qxe4 Qxe4 27. Rxe4 Rd2 28. a3 Rd3 29. Re3 Rxe3 30. Bxe3 Rd8 31. Kf2 Rd3 32. b4 Rxa3 33. c5 Rb3 34. Bd2 Kf8 35. g4 Rxh3 36. c6 Ke8 37. Be3 Rh2+ 38. Kf3 Rc2 39. Bc5 a5 0-1

[Event "Budapest FS08 IM-A"]
[Site "Budapest"]
[Date "2000.08.07"]
[Round "3"]
[White "Scerbin, Dmitrij"]
[Black "Yu, Mingyuan"]
[Result "1/2-1/2"]
[WhiteElo "2405"]
[BlackElo "2319"]
[PlyCount "180"]
[EventDate "2000.08.05"]
[EventType "tourn"]
[EventRounds "11"]
[EventCountry "HUN"]
[EventCategory "2"]
[SourceTitle "CBM 077 Extra"]
[Source "ChessBase"]
[SourceDate "2000.09.14"]
[SourceVersion "1"]
[SourceVersionDate "2000.09.14"]
[SourceQuality "1"]

1. e4 e6 2. d4 d5 3. exd5 exd5 4. Nf3 Bd6 5. c4 Nf6 6. Nc3 c6 7. c5 Be7 8. Bf4 b6 9. b4 0-0 10. Bd3 Bg4 11. 0-0 Re8 12. h3 Bh5 13. g4 Bg6 14. Bxg6 hxg6 15. Ne5 Nfd7 16. Nf3 Nf6 17. Re1 Nbd7 18. Ne5 Qc8 19. Qb3 Nxe5 20. dxe5 Nh7 21. cxb6 axb6 22. Rac1 Qe6 23. Rcd1 Red8 24. Be3 Ng5 25. Kg2 d4 26. Rxd4 Rxd4 27. Bxd4 Qxb3 28. axb3 Bxb4 29. Rc1 Ne6 30. Be3 Ra3 31. Na4 b5 32. Nb6 c5 33. Nd5 Rxb3 34. Nxb4 cxb4 35. Rc8+ Kh7 36. Rb8 g5 37. Rxb5 Rb1 38. Rb7 Kg6 39. Rb6 b3 40. Kf3 Kh7 41. Rb7 b2 42. Ke2 Nd8 43. Rb5 Nc6 44. Kd2 Nxe5 45. Kc2 Rh1 46. Kxb2 Nc4+ 47. Kc3 Nxe3 48. fxe3 Rxh3 49. Kd3 Rh4 50. Rxg5 f6 51. Ra5 Rxg4 52. Ke2 Kg6 53. Kf3 f5 54. Ra7 Kf6 55. Rb7 g6 56. Rb1 Ra4 57. Rb3 Kg5 58. Kg3 Kh5 59. Rc3 Re4 60. Kf3 g5 61. Rc8 g4+ 62. Kf2 Kg5 63. Rg8+ Kf6 64. Rf8+ Ke6 65. Re8+ Kd5 66. Rd8+ Kc6 67. Rd3 Kc5 68. Rd8 Re5 69. Rc8+ Kd5 70. Rd8+ Kc4 71. Rd4+ Kc5 72. Rd8 Rd5 73. Rf8 Kc4 74. e4 g3+ 75. Ke3 Rd1 76. Rc8+ Kb4 77. Rg8 Re1+ 78. Kd2 Rxe4 79. Rxg3 Kc4 80. Rf3 f4 81. Rd3 Kc5 82. Rd8 Kc4 83. Rd7 f3 84. Rf7 Re2+ 85. Kd1 Re3 86. Kd2 Ra3 87. Ke1 Kd4 88. Kf2 Ke4 89. Re7+ Kf4 90. Rf7+ Ke4 1/2-1/2

[Event "Budapest FS08 IM-A"]
[Site "Budapest"]
[Date "2000.08.06"]
[Round "2"]
[White "Yu, Mingyuan"]
[Black "Grill, Marc"]
[Result "1-0"]
[WhiteElo "2319"]
[BlackElo "2197"]
[PlyCount "41"]
[EventDate "2000.08.05"]
[EventType "tourn"]
[EventRounds "11"]
[EventCountry "HUN"]
[EventCategory "2"]
[SourceTitle "CBM 077 Extra"]
[Source "ChessBase"]
[SourceDate "2000.09.14"]
[SourceVersion "1"]
[SourceVersionDate "2000.09.14"]
[SourceQuality "1"]

1. d4 d5 2. c4 e6 3. Nc3 c5 4. cxd5 exd5 5. Nf3 Nc6 6. g3 Nf6 7. Bg2 cxd4 8. Nxd4 Be7 9. 0-0 0-0 10. Be3 Re8 11. Rc1 Bg4 12. Re1 Ne5 13. Qb3 Be6 14. Qxb7 Rb8 15. Qxa7 Rxb2 16. Rb1 Rxb1 17. Rxb1 Qc8 18. Ncb5 Nc4 19. Nc7 Qd7 20. Ndxe6 Nxe3 21. Qxe3 1-0